<?xml version="1.0" encoding="UTF-8"?><?xml-stylesheet type="text/xsl" href="static/style.xsl"?><OAI-PMH xmlns="http://www.openarchives.org/OAI/2.0/" xmlns:xsi="http://www.w3.org/2001/XMLSchema-instance" xsi:schemaLocation="http://www.openarchives.org/OAI/2.0/ http://www.openarchives.org/OAI/2.0/OAI-PMH.xsd"><responseDate>2026-06-29T22:46:12Z</responseDate><request verb="GetRecord" identifier="oai:riubu.ubu.es:10259/8802" metadataPrefix="marc">https://riubu.ubu.es/oai/request</request><GetRecord><record><header><identifier>oai:riubu.ubu.es:10259/8802</identifier><datestamp>2024-03-13T01:05:32Z</datestamp><setSpec>com_10259_6158</setSpec><setSpec>com_10259_5086</setSpec><setSpec>com_10259_2604</setSpec><setSpec>col_10259_8539</setSpec></header><metadata><record xmlns="http://www.loc.gov/MARC21/slim" xmlns:doc="http://www.lyncode.com/xoai" xmlns:xsi="http://www.w3.org/2001/XMLSchema-instance" xmlns:dcterms="http://purl.org/dc/terms/" xsi:schemaLocation="http://www.loc.gov/MARC21/slim http://www.loc.gov/standards/marcxml/schema/MARC21slim.xsd">
<leader>00925njm 22002777a 4500</leader>
<datafield tag="042" ind1=" " ind2=" ">
<subfield code="a">dc</subfield>
</datafield>
<datafield tag="720" ind1=" " ind2=" ">
<subfield code="a">Barros del Río, María Amor</subfield>
<subfield code="e">author</subfield>
</datafield>
<datafield tag="260" ind1=" " ind2=" ">
<subfield code="c">2022</subfield>
</datafield>
<datafield tag="520" ind1=" " ind2=" ">
<subfield code="a">Irish author Sally Rooney has been named the first great millennial novelist. Her three novels so far, Conversations with Friends (2017), Normal People (2018) and Beautiful World Where Are You? (2021), which dwell around the intricacies of personal relationships among young men and women in contemporary Ireland, have received much acclaim. This article concentrates on Rooney’s most recent novel to examine the coexistence of feminist and sexist traits, and how they affect the performance of the female characters. Male behaviour and female reactions will be analysed to outline the paradoxical conducts of empowerment and subjection embedded within love relationships. The study suggests the coexistence of internalized misogyny and feminist discourses, a combination that causes negative effects upon the female characters. Finally, the article concludes that contemporary best-sellers such as Rooney epitomize and validate currents of popular feminism alongside with misogyny, and typify and perpetuate problematic role models for millennials.</subfield>
</datafield>
<datafield tag="520" ind1=" " ind2=" ">
<subfield code="a">La autora irlandesa Sally Rooney ha sido nombrada la primera gran novelista milenial. Sus tres novelas hasta el momento, Conversaciones entre amigos (2017), Gente normal (2018) y Dónde estás, mundo bello (2021), que tratan sobre las complejidades de las relaciones personales entre hombres y mujeres jóvenes en la Irlanda contemporánea, han recibido muchos elogios. Este artículo se centra en la novela más reciente de Rooney para examinar la coexistencia de rasgos feministas y sexistas, y analizar cómo afectan a la caracterización de los personajes femeninos. El análisis del comportamiento masculino y las correspondientes reacciones femeninas sirven para esclarecer conductas paradójicas de empoderamiento y sometimiento en el marco de las relaciones amorosas. El estudio sugiere la coexistencia de una misoginia interiorizada junto a discursos feministas, una combinación que provoca efectos negativos en los personajes femeninos. Finalmente, el artículo concluye que ciertos éxitos de ventas contemporáneos como el de Rooney validan corrientes de feminismo populista que incorporan aspectos misóginos y tipifican y perpetúan modelos problemáticos para la juventud actual.</subfield>
</datafield>
<datafield tag="024" ind2=" " ind1="8">
<subfield code="a">978-84-1122-640-0</subfield>
</datafield>
<datafield tag="024" ind2=" " ind1="8">
<subfield code="a">http://hdl.handle.net/10259/8802</subfield>
</datafield>
<datafield ind1=" " ind2=" " tag="653">
<subfield code="a">Misogyny</subfield>
</datafield>
<datafield ind1=" " ind2=" " tag="653">
<subfield code="a">Feminism</subfield>
</datafield>
<datafield ind1=" " ind2=" " tag="653">
<subfield code="a">Sally Rooney</subfield>
</datafield>
<datafield ind1=" " ind2=" " tag="653">
<subfield code="a">Millennials</subfield>
</datafield>
<datafield ind1=" " ind2=" " tag="653">
<subfield code="a">Misoginia</subfield>
</datafield>
<datafield ind1=" " ind2=" " tag="653">
<subfield code="a">Feminismo</subfield>
</datafield>
<datafield ind1=" " ind2=" " tag="653">
<subfield code="a">Milenial</subfield>
</datafield>
<datafield tag="245" ind1="0" ind2="0">
<subfield code="a">Feminism and misogyny in Sally Rooney’s novels</subfield>
</datafield>
</record></metadata></record></GetRecord></OAI-PMH>